The design of experiments : (Record no. 16452)
[ view plain ]
| 000 -LEADER | |
|---|---|
| fixed length control field | 00614cam a2200205Ia 4500 |
| 020 ## - INTERNATIONAL STANDARD BOOK NUMBER | |
| ISBN | 0521287626 |
| 020 ## - INTERNATIONAL STANDARD BOOK NUMBER | |
| ISBN | 9780521287623 |
| 020 ## - INTERNATIONAL STANDARD BOOK NUMBER | |
| ISBN | 0521245125 |
| 020 ## - INTERNATIONAL STANDARD BOOK NUMBER | |
| ISBN | 9780521245128 |
| 040 ## - CATALOGING SOURCE | |
| Transcribing agency | NMI |
| 082 ## - DEWEY DECIMAL CLASSIFICATION NUMBER | |
| Classification number | 001 CAM 1988 A003 Or. |
| 100 1# - MAIN ENTRY--AUTHOR NAME | |
| Personal name | Mead, R. |
| 245 14 - TITLE STATEMENT | |
| Title | The design of experiments : |
| Remainder of title | statistical principles for practical applications / |
| 250 ## - EDITION STATEMENT | |
| Edition statement | 1st pbk. ed. |
| 260 ## - PUBLICATION, DISTRIBUTION, ETC. (IMPRINT) | |
| Place of publication | Cambridge [England] ; |
| -- | New York : |
| Name of publisher | Cambridge University Press, |
| Year of publication | 1990, c1988. |
| 300 ## - PHYSICAL DESCRIPTION | |
| Number of Pages | xiv, 620 p. : |
| Other physical details | ill. ; |
| Dimensions | 24 cm. |
| 650 #0 - SUBJECT ADDED ENTRY--TOPICAL TERM | |
| Topical Term | Experimental design. |
| 650 #0 - SUBJECT ADDED ENTRY--TOPICAL TERM | |
| Topical Term | Mathematical statistics. |
| 942 ## - ADDED ENTRY ELEMENTS (KOHA) | |
| Koha item type | សៀវភៅភាសាអង់គ្លេស |
| 952 ## - LOCATION AND ITEM INFORMATION (KOHA) | |
| Withdrawn status [LOCAL, KOHA] | 0 |
| Permanent Location | Date acquired | Koha item type | Lost status | Shelving location | Barcode | Current Location | Full call number |
|---|---|---|---|---|---|---|---|
| Library Block A | 2018-02-21 | សៀវភៅភាសាអង់គ្លេស | A003 | A07474 | Library Block A | 001 CAM 1988 A003 Or. |